00513nam a2200169 a 4500008004100000100002900041245008000070260003100150300003000181504004100211500002000252650001500272700002900287003000100316005001700317040000900334 1 aStonier, Alfred William.02aA textbook of economic theory /cby Alfred W. Stonier and Douglas C. Hague. aNew York :bWiley, c1953. ax, 513 p.bill.; c22 cm. aIncludes bibliographical references. aIncludes index. 0aEconomics.1 aHague, Douglas Chalmers.20230123133303.0 cNUST